Представление документа в формате RUSMARC

ПолеНазваниеЗначение
  Тип записи a
  Библиографический уровень a
001 Контрольный номер RU/CBS_UL/BASE/666195046
005 Дата корректировки 20240209175258.3
100 Данные общей обработки __
a Данные общей обработки 20210209d2021 ||| 0rusy0189 ca
101 Язык документа 0_
a Язык текста rus
102 Страна публикации __
a Страна публикации RU
105 Кодированные данные (монография) __
a Кодированные данные (монография) y###||||000|y
181 Поле кодированных данных: вид содержания _1
a Код вида содержания (ISBD) i#
b Код характеристики содержания (ISBD) #xxe##
d i
g x
h x
i e
182 Поле кодированных данных: тип средства _1
a Код типа средства (ISBD) n
2 Код системы (источник кода, отличный от ISBD) isbdmedia
200 Заглавие и сведения об ответственности 1_
a Заглавие Оставшиеся в памяти произведения Габдуллы Тукая
b Общее обозначение материала Текст
e Сведения, относящиеся к заглавию [итоговый урок по татарской литературе VI урока]
f Первые сведения об ответственности Т. Хафизова
w Текст (визуальный) : непосредственный
203 Вид содержания и тип средства __
a Вид содержания Текст
b Характеристика содержания визуальный
c Тип средства непосредственный
333 Примечание о целевом назначении __
a Примечание о целевом назначении 16+
461 Уровень набора _0
1 2000
a Магариф
463 Уровень физической единицы _0
1 001RU/CBS_UL/BASE/652218861
1 2000
a № 2
v С. 87-90
1 210
d 2020
600 Персоналии _0
a Персоналии (Фамилия) Тукай
b Персоналии (Имя, инициалы) Г.
606 Тематические рубрики 0_
a Основная рубрика Татарская литература
606 Тематические рубрики 0_
a Основная рубрика Тукай, Габдулла (1886-1913)
610 Ключевые слова 0_
a Ключевые слова татарская литература
a Ключевые слова уроки татарской литературы
686 Индексы других классификаций __
a Классификационный индекс 74.26
2 Код системы rubbk
686 Индексы других классификаций __
a Классификационный индекс 83.3(2Рос=Тат)1
2 Код системы rubbk
700 Автор _1
a Фамилия Хафизова
b Имя (инициалы) Т.
801 Источник записи _0
a Страна RU
b Организация МБУК ЦБС г. Ульяновска
c Дата составления 20210209
g Правила каталогизации RCR
801 Источник записи _1
a Страна RU
b Организация МБУК ЦБС г. Ульяновска
c Дата составления 20210209
g Правила каталогизации RCR
901 Тип документа __
t Тип документа b
w Контрольный № источника RU/CBS_UL/BASE/652218861
910 Корректоры записи __
a Корректор записи admin2
938 Служебная информация __
a Имя БД period